On The Laws of Liquid Drop Deformation in Gas Flows; Chemical and Petroleum Engineering; Vol. 52, iss. 1

Bibliografiske detaljer
Parent link:Chemical and Petroleum Engineering: Scientific Journal
Vol. 52, iss. 1.— 2016.— [P. 85-89]
Hovedforfatter: Volkov R. S. Roman Sergeevich
Institution som forfatter: Национальный исследовательский Томский политехнический университет Энергетический институт Кафедра автоматизации теплоэнергетических процессов
Andre forfattere: Zabelin M. V. Maksim Valerievich, Strizhak P. A. Pavel Alexandrovich
Summary:Title screen
This paper presents the results of experimental studies of significantly non-stationary processes of droplet shape change for various liquids widely used in the chemical and oil industries (kerosene, ethanol, water) as they move in gas flows (including high temperature gas flows). Characteristic differences between the main deformation parameters of single droplets and those in a flow of mist spray were identified. Average and absolute aerodynamic drag coefficients for liquid droplets during deformation were determined.
Режим доступа: по договору с организацией-держателем ресурса
Sprog:engelsk
Udgivet: 2016
Fag:
Online adgang:http://dx.doi.org/10.1007/s10556-016-0153-1
Format: MixedMaterials Electronisk Book Chapter
KOHA link:https://koha.lib.tpu.ru/cgi-bin/koha/opac-detail.pl?biblionumber=649426

MARC

LEADER 00000naa0a2200000 4500
001 649426
005 20250305114856.0
035 |a (RuTPU)RU\TPU\network\14588 
035 |a RU\TPU\network\8308 
090 |a 649426 
100 |a 20160712d2016 k||y0rusy50 ba 
101 0 |a eng 
102 |a US 
135 |a drcn ---uucaa 
181 0 |a i  
182 0 |a b 
200 1 |a On The Laws of Liquid Drop Deformation in Gas Flows  |f R. S. Volkov, M. V. Zabelin, P. A. Strizhak 
203 |a Text  |c electronic 
300 |a Title screen 
320 |a [References: p. 89 (15 tit.)] 
330 |a This paper presents the results of experimental studies of significantly non-stationary processes of droplet shape change for various liquids widely used in the chemical and oil industries (kerosene, ethanol, water) as they move in gas flows (including high temperature gas flows). Characteristic differences between the main deformation parameters of single droplets and those in a flow of mist spray were identified. Average and absolute aerodynamic drag coefficients for liquid droplets during deformation were determined. 
333 |a Режим доступа: по договору с организацией-держателем ресурса 
461 |t Chemical and Petroleum Engineering  |o Scientific Journal 
463 |t Vol. 52, iss. 1  |v [P. 85-89]  |d 2016 
610 1 |a электронный ресурс 
610 1 |a труды учёных ТПУ 
610 1 |a деформация 
610 1 |a капли 
610 1 |a туманы 
610 1 |a жидкости 
610 1 |a этанол 
610 1 |a керосин 
610 1 |a вода 
610 1 |a эксперименты 
700 1 |a Volkov  |b R. S.  |c specialist in the field of power engineering  |c Associate Professor of the Tomsk Polytechnic University, candidate of technical Sciences  |f 1987-  |g Roman Sergeevich  |3 (RuTPU)RU\TPU\pers\33926  |9 17499 
701 1 |a Zabelin  |b M. V.  |c specialist in the field of heat and power engineering  |c engineer of Tomsk Polytechnic University  |f 1991-  |g Maksim Valerievich  |3 (RuTPU)RU\TPU\pers\35868  |9 19011 
701 1 |a Strizhak  |b P. A.  |c Specialist in the field of heat power energy  |c Doctor of Physical and Mathematical Sciences (DSc), Professor of Tomsk Polytechnic University (TPU)  |f 1985-  |g Pavel Alexandrovich  |3 (RuTPU)RU\TPU\pers\30871  |9 15117 
712 0 2 |a Национальный исследовательский Томский политехнический университет  |b Энергетический институт  |b Кафедра автоматизации теплоэнергетических процессов  |3 (RuTPU)RU\TPU\col\18678  |9 27131 
801 2 |a RU  |b 63413507  |c 20200827  |g RCR 
856 4 |u http://dx.doi.org/10.1007/s10556-016-0153-1 
942 |c CF